| 000 | 00348nam a2200121 a 4500 | ||
|---|---|---|---|
| 001 | 000045562 | ||
| 005 | 20201002052321.0 | ||
| 008 | 150415s2000 000 spa d | ||
| 040 |
_aDO-SdBNP _bspa _cBNPHU |
||
| 245 | 0 | _aInternacional socialista :. | |
| 260 |
_aSanto Domingo, : _bPartido Revolucionario Dominicano, _c2000. |
||
| 300 |
_a44 p. ; _c21 cm. |
||
| 999 |
_c45051 _d45051 |
||